000 00627nam a2200241Ia 4500
003 OSt
005 20220924115047.0
006 a|||||r|||| 00| 0
007 ta
008 220923b |||||||| |||| 00| 0 urd d
020 _c50.00
024 _a314890
037 _cTextual
040 _aARTS
_cARTS
_burd
041 _2urd
_aurd
082 _aO168,1N3016x, N8
100 _aAshk Jaigopal
_9176581
245 0 _aNamaz Muhabbat
260 _aChandigarh
_bGulati India
_c1998
650 _aURDU POETRY
942 _hO168,1N3016x, N8
_cTEXL
_2CC
999 _c396559
_d396559